Datum a čas kvízu
29
Celkem bodů
Celkový počet nahraných bodů na tomto kvízu bez doplňovacích otázek.
8.
Pořadí na kvízu
Konečné umístění týmu na tomto kvízu.
Zaznamenané odpovědi
| # | Otázka | Odpověď | Body | Výsledky |
|---|---|---|---|---|
| 1. | KSČM ve čtvrtek ukončila člens... | Jiří Dolejš | 0 | |
| 2. | V Německu se v neděli konaly p... | CDU/CSU, Friedrich Merz | 0.5 | |
| 3. | Minulý týden jsme se dozvěděli... | Post Malone | 1 | |
| 4. | Vedení sítě provozoven jistého... | KFC | 0 | |
| 5. | Minulý týden v pátek se konalo... | Connor McDavid | 0 | |
| 6. | Nyní se od aktualit přesuneme... | 1A 2B 3D 4C | 1 | |
| 7. | Mladší generace éru druhohor p... | sauropodi (Sauropoda) | 0 | |
| 8. | Přibližně takto mohl vypadat j... | o velociraptora | 1 | |
| 9. | Americký spisovatel a scenáris... | Michael Crichton | 0 | |
| 10. | Na fotce vidíme mumii a rekons... | Ötzi | 1 |